Guess the Meme - Statistics

General Stats
  • This quiz has been taken 1,230 times
  • The average score is 5 of 14
Answer Stats
Clue Meme % Correct
Gorilla that was shot dead in 2016 Harambe
83%
Frog on a unicycle Dat Boi
64%
Do you like jazz? Bee Movie
57%
Gotta go fast Sanic
53%
Stimulate your senses How It Feels To Chew 5 Gum
48%
Alright! I can see that I will have to teach you how to be villains! We Are Number One
39%
I was only 9 years old, I loved Shrek so much Shrek is Love, Shrek is Life
35%
I’m supposed to be playing Game Of War but this one player keeps kicking my ass TheLegend27
24%
A startled ancestor of SpongeBob SpongeGar
22%
One thing I’ve learned after 21 years – you never know what is gonna come through that door I'm Rick Harrison and This Is My Pawn Shop
16%
I’ll have two number 9s, a number 9 large, a number 6 with extra dip, a number 7, two number 45s, one with cheese, and a large soda Big Smoke's Order
15%
MrGear The 1000 Degree Knife
10%
Oats Brother, May I Have Some Oats
8%
I told you not to touch it Arthur's Fist
5%
No matching quizzes found
Score Distribution
Percent of People with Each Score
Percentile by Number Answered
Your Score History
You have not taken this quiz